LEADER 01338nam0 22003011i 450 001 UON00492470 005 20231205105338.139 100 $a20190213d1971 |0itac50 ba 101 $ager 102 $aCH 105 $a|||| ||||| 200 1 $aKleinere Schriften$e[deutsche Philologie, nordische Philologie, Volkskunde]$fFriedrich Ranke$gherausgegeben von Heinz Rupp und Eduard Studer 210 $aBern$aMünchen$cFrancke Verlag$d1971 215 $a444 p.$d23 cm. 316 $aValore stimato$5IT-UONSI Fil.GIX/0101 410 1$1001UON00142455$12001 $aBibliotheca Germanica$eHandbucher, Texte und Monographien aus dem Gebiete der germanischen Philologie$fhrsg. von Walter Henzen, Friedrich Maurer und Max Wehrli$v12 620 $aDE$dMünchen$3UONL003025 620 $aCH$dBern$3UONL003266 700 1$aRANKE$bFriedrich$3UONV124919$0395076 702 1$aRUPP$bHeinz$3UONV131313 702 1$aSTUDER$bEduard$3UONV240919 712 $aFrancke$3UONV248986$4650 801 $aIT$bSOL$c20241115$gRICA 899 $aSIBA - SISTEMA BIBLIOTECARIO DI ATENEO$2UONSI 912 $aUON00492470 950 $aSIBA - SISTEMA BIBLIOTECARIO DI ATENEO$dSI Fil.G IX 0101 $eSI FG 1286/1 5 0101 Valore stimato 996 $aKleinere Schriften$91542406 997 $aUNIOR